000 00362nam a2200145Ia 4500
008 230312s9999||||xx |||||||||||||| ||und||
020 _a0-7020-4091-7
082 _a616.075
_bGLY-H
100 _aGlynn;Michael
245 0 _aHutchison's Clinical Methods
260 _bSaunders/Elsevier
_aChina
_c2012
300 _a472
650 _aMedical
_vMedicine
942 _cBK
999 _c2169
_d2169